| 000 | 01274nam a22001937a 4500 | ||
|---|---|---|---|
| 003 | OSt | ||
| 005 | 20120303103525.0 | ||
| 008 | 110520t xxu||||| |||| 00| 0 eng d | ||
| 040 | _cविद्या प्रसारक मंडळ, ठाणे | ||
| 100 | _aबेडेकर, विजय वा. | ||
| 245 | _a१६४ दिशा : एप्रिल २०११ | ||
| 260 |
_aठाणे _bविद्या प्रसारक मंडळ _c२०११ |
||
| 300 | _a४५ | ||
| 520 | _aबेडेकर, विजय वा.; कर्णिक, प्रदीप; मठ, शं. बा.; जोशी, तनुजा; साने, यशवंत; पाठक, मोहन | ||
| 600 |
_aबेडेकर, विजय वा.; कर्णिक, प्रदीप; मठ, शं. बा.; जोशी, तनुजा; साने, यशवंत; पाठक, मोहन _9474 |
||
| 700 |
_aबेडेकर, विजय वा.; कर्णिक, प्रदीप; मठ, शं. बा.; जोशी, तनुजा; साने, यशवंत; पाठक, मोहन _9475 |
||
| 856 | _uhttp://dspace.vpmthane.org:8080/jspui/bitstream/123456789/1546/1/164DishaApril2011.pdf | ||
| 942 |
_2ddc _cEJOURNAL |
||
| 999 |
_c836662 _d836659 |
||